| 000 | 00803cam a22002413a 4500 | ||
|---|---|---|---|
| 001 | 31323 | ||
| 003 | PGUSA | ||
| 005 | 20140828083658.0 | ||
| 008 | 100218s2010||||xxu|||||s|||||000 | eng d | ||
| 040 |
_aPGUSA _beng |
||
| 042 | _adc | ||
| 050 | 4 | _aE151 | |
| 100 | 1 |
_aMoorland, Jesse Edward, _d1863-1940 |
|
| 245 | 1 | 4 |
_aThe Demand and the Supply of Increased Efficiency in the Negro Ministry : _bThe American Negro Academy. Occasional Papers No. 13 _h[electronic resource] / _cJesse Edward Moorland |
| 260 |
_bProject Gutenberg, _c2010 |
||
| 506 | _aPublic domain in the USA. | ||
| 516 | _aElectronic text | ||
| 653 | _aReligious education | ||
| 653 | _aAfrican American clergy -- Education | ||
| 830 | 0 |
_aProject Gutenberg _v31323 |
|
| 856 | 4 | 0 | _uhttp://www.gutenberg.org/ebooks/31323 |
| 942 | _cEB | ||
| 999 |
_c260578 _d260578 |
||